Géographie par image - W - Statistiques

Statistiques générales
  • Ce quiz a été pris 561 fois
  • Le résultat moyen est 9 sur 18
Statistiques - réponses
Par images Hint Réponse % Correct
Capitale Washington
97%
Région Wallonie
75%
Etat Wisconsin
74%
Etat Wyoming
73%
Outre-mer Wallis et Futuna
68%
Capitale Wellington
66%
Palais Westminster
65%
Rue Wall Street
61%
Stade Wembley
47%
Capitale Windhoek
41%
Ville anglaise Windsor
35%
Langue Wolof
35%
Ville Wolfsburg
34%
Ville belge Waterloo
32%
Ville Winnipeg
32%
Ville Wuhan
31%
Region allemande Westphalie
23%
Mer Weddell
4%
Aucun quiz correspondant
Distribution des résultats
% des personnes avec chaque résultat
Percentile par nombre de réponses
Votre historique - résultats
Vous n’avez pas pris ce quiz